Miasta w Afryce powyżej 2 mln mieszkańców na mapie - Statystyki

Ogólne statystyki
  • Ten quiz został rozwiązany 33 razy
  • Średni wynik to 28 z 40
Odpowiedzi na mapie
Odpowiedzi zakodowano w zielono-czerwonej skali na mapie do tego quizu, zgodnie z poniższymi procentami.
 
Statystyki odpowiedzi
Państwo Miasto % Poprawnych
Senegal Dakar
100%
Egipt Kair
100%
RPA Johannesburg
96%
DRK Kinszasa
96%
Nigeria Lagos
96%
Etiopia Addis Abeba
92%
Egipt Aleksandria
92%
Algieria Algier
92%
RPA Kapsztad
92%
Maroko Rabat
92%
Tunezja Tunis
92%
Maroko Casablanca
88%
Sudan Chartum
88%
Kenia Nairobi
88%
Nigeria Abudża
83%
Madagaskar Antananarywa
83%
Angola Luanda
83%
Ghana Akra
79%
Somalia Mogadiszu
79%
Uganda Kampala
75%
Mali Bamako
71%
Kongo Brazzaville
71%
Tanzania Dar es Salaam
71%
Gwinea Konakry
71%
WKS Abidżan
67%
Zimbabwe Harare
67%
Zambia Lusaka
67%
Burkina Faso Wagadugu
67%
Togo Lomé
63%
Mozambik Maputo
63%
RPA Durban
58%
Kamerun Jaunde
58%
Nigeria Kano
54%
Kamerun Duala
29%
Nigeria Ibadan
29%
Ghana Kumasi
29%
DRK Lubumbashi
25%
Nigeria Port Harcourt
25%
DRK Mbuji-Mayi
21%
Benin Kotonu
17%
Nie znaleziono quizów pasujących do podanych kryteriów
Rozkład punktacji
Procent ludzi z każdym wynikiem
Percentyl według liczby udzielonych odpowiedzi
Twoja historia wyników
Nie rozwiązałeś tego quizu